000 00541nam a2200205Ia 4500
005 20260429112047.0
008 260429s9999||||xx |||||||||||||| ||und||
020 _a9781836598213
041 _aEnglish
082 _a302.23
_bPET
100 _aPeterson, Lauren
245 0 _aBasic of electronic media /
_cLauren Peterson
250 _a1st ed.
260 _aLondon :
_bETP ED- Tech Press,
_c2025.
300 _ax, 265 p.; hb
650 _a Broadcasting
650 _a Mass communication
650 _aElectronic media
942 _cTB
999 _c52143
_d52143